00711nam a2200217 i 450000100060000000300090000600500170001500700030003200800410003508000460007608000100012210000200013224500910015226000310024330000210027449000480029560000470034365000220039083000480041285200330046014010ES-MaACL20250804054931.0t|980901s1967 fr ||||1| fre d a1 Anselmo, Santo, Arzobispo de Canterbury a231.11 aMoreau, Joseph.10aPour ou contre l'insensé ? b: essai sur la preuve anselmienne /cpar Joseph Moreau. aParis : bJ. Vrin, c1967. a91 p. ; c20 cm.1 aBibliothèque d'histoire de la philosophie04aAnselmo cSanto, Arzobispo de Canterbury.14aDios-xExistencia0 aBibliothèque d'histoire de la philosophie aES-MaACLjL-21253 bR.115738